000 00492nam a2200157 i 4500
001 58827
003 ES-MaACL
005 20230906163910.0
007 t|
008 031024s1969 sp ||||1| baq d
100 1 _aEtxebarria, Jon Gotzon (
_d1934-1996)
_948305
245 1 0 _aEzpata zorrotza (olerkiak)
_b: ezkatuto aria (antzerkia) /
_cEtxebarria'tar Juan Angel.
260 _a[Bilbao :
_bs.n.,
_c1969] (
_fGráf. Bilbao)
300 _a65 p. ;
_c17 cm.
852 _aES-MaACL
_jC-51255
_bR.71850
999 _c58827
_d58827